=LDR 00000nam 2200000 4500 =001 INLIS000000000008302 =005 20200819094255 =035 ##$$a 0010-061300000008302 =008 200819################g##########0#ind## =041 ##$$a Ind =090 ##$$a 2x9.13, Abu s =100 ##$$a Abud, As'ad =245 1#$$a Shahifah fathimiyyah : $b doa-doa suci putri nabi, /$c Al-Ustadz As'ad Abud ; editor, Miftah F. Rakhmat =260 ##$$a Bandung :$b Muthahhari press,$c 2002 =300 ##$$a xxxi, 271 hlm ; $c 15 x 24 cm =650 #4$$a Siti fatimah-keluarga Nabi =850 ##$$a NBPNMAT =020 ##$$a 979-95564-5-7 =082 ##$$a 2x9.13 =084 ##$$a 2x9.13 ABU s =250 ##$$a Cet. 2 =700 #$$a Miftah F. Rakhmat =990 ##$$a 21.799/Pb.2002 =990 ##$$a 171.801/pb-2002 =990 ##$$a DW00028528 =990 ##$$a DW00028529 =990 ##$$a DW00028530 =990 ##$$a 171.798/pro.2002